000 01274nam a22003497a 4500
003 CHAP
005 20250603103038.0
008 120615s2011 mx r 00010 spa d
010 _a103365
011 _a104337
020 _a9786071202413
035 _a115027
040 _cCHAP
082 0 4 _a338.9
_bA61
245 0 0 _aAnálisis de políticas publicas para el desarrollo agrícola y rural
_c/editado por Elba Pérez Villalba y Julio Baca de Moral
260 _aChapingo, Méx. :
_bUACH. Dirección de Centros Regionales Universitarios :
_bCIESTAAM
_c2011
300 _a280 p. :
_bgráfs., cuadros
590 _aBATCH-UPD
_b10
_c20130110
_lUCH01
_h1247
590 _aBATCH-UPD
_b10
_c20130410
_lUCH01
_h0811
590 _aBATCH-UPD
_b10
_c20130914
_lUCH01
_h0514
590 _aBATCH-UPD
_b10
_c20130914
_lUCH01
_h2133
590 _aCONVERSION
_b10
_c20130109
_lUCH01
_h1357
650 1 4 _aAdministracion publica.
_9934
650 1 4 _aAgricultura
_xAspectos económicos.
650 1 4 _aDesarrollo de la comunidad rural.
_931995
650 1 4 _aPolítica económica.
700 0 _aBaca del Moral, Julio
_e, ed.
_99257
700 1 _aPérez Villalba, Elba
_e, ed.
_990092
901 _aBK
942 _cLIBRO
949 _a338.9 A61
_bBC
_cUACH
_d33724002328347
_eUACH
_h116870
_i115027
_sb
999 _c103365
_d103365